00624nam a2200169 a 4500001000400000003000900004008004100013040002800054082001800082245007800100250000700178260005100185300001500236490006600251505011800317650001900435458CO-ViMGA141112s2004 ck r 000 u spa d aCO-ViMGAbspacCO-ViMGA04a636.9322 C65310aConejos : bbasados en el trabajo de A. Fernán Castellanos Echeverría a2a aMexico : bTrillas, ciberoAméricana, c1996 a112 p : il aManuales para educación agropecuaria producción animal, 2 aEl Animal Alojamientos y depósitos Equipos Alimentación Reproducción Manejo Enfermedades Mejoramiento Razas14aCONEJOS - CRIA